| 000 | 00591 a2200181 4500 | ||
|---|---|---|---|
| 999 |
_c1380 _d1380 |
||
| 020 | _a9788177581065 | ||
| 050 | _aHB172 JEH 2008 | ||
| 100 |
_aJehle, Geoffrey A. _eauthor |
||
| 245 |
_aAdvanced microeconomic theory / _cGeoffrey A. Jehle and Philip J. Reny |
||
| 250 | _a2nd ed. | ||
| 264 |
_aNew Delhi : _bPearson Education, _c2008 |
||
| 300 |
_axiv, 543p. : _bill. |
||
| 440 | _aThe Addison-Wesley Series in Economics | ||
| 500 | _aIncludes bibliographical references and index | ||
| 650 | _aMicroeconomics | ||
| 700 |
_aReny, Philip J. _eauthor |
||
| 942 |
_2lcc _cBK _e2nd ed. _h172 _iJEH _kHB |
||